000 00710nam a2200217Ii 4500
003 JO-AjNU
008 230605s9999||||xx |||||||||||||| ||und||
017 _a2009/19258
020 _a978-977-6341-25-8
040 _aJO-AjNU
_bara
_erda
_cJO-AjNU
041 _aara
050 1 4 _aHF5686 2011
100 3 _aراضي، محمد سامي,
_eauthor
_927629
245 0 0 _aالمدخل المعاصر في المحاسبة الادارية
264 3 1 _aالاسكندرية: دار التعليم الجامعي، 2011
300 _a450ص
336 _atext
_btxt
_2rdacontent
337 _aunmediated
_bn
_2rdamedia
338 _avolume
_bnc
_2rdacarrier
650 4 _aالمحاسبة الادارية
_927630
999 _aA10620
_c14188
_d14188